Countries by Populations in Antartica - Statistics

General Stats
  • This quiz has been taken 427 times
  • The average score is 19 of 28
Answer Stats
# Country % Correct
1293 United States
97%
429 Russia
92%
217 United Kingdom
92%
213 Australia
89%
90 China
89%
185 France
89%
667 Argentina
88%
359 Chile
88%
40 Brazil
84%
85 New Zealand
83%
90 Germany
82%
65 India
80%
125 Japan
80%
80 South Africa
78%
50 Spain
78%
44 Norway
77%
20 Sweden
73%
20 Finland
68%
162 Italy
68%
70 South Korea
63%
40 Poland
58%
24 Ukraine
49%
28 Peru
48%
20 Belgium
46%
13 Romania
29%
26 Ecuador
28%
18 Bulgaria
21%
20 Czech Republic
15%
No matching quizzes found
Score Distribution
Percent of People with Each Score
Percentile by Number Answered
Your Score History
You have not taken this quiz